=LDR 00000nam 2200000 4500 =001 INLIS000000000034105 =005 20200608114141 =035 ##$$a 0010-061300000034105 =008 200608################g##########0#ind## =041 ##$$a ind =082 ##$$a 2x4.112.2 =090 ##$$a 2x4.112.2, Gha s =100 ##$$a Ghazali, Yusni A =245 1#$$a Shalat Dhuha, : $b Merayu Allah saat rezeki dibagi-bagi,ah saat rezeki dibagi-bagi /$c Yusni A Ghazali =260 ##$$a Jakarta :$b Grafindo Khazanah Ilmu,$c 2008 =300 ##$$a 160 hlm. ; $c 21 x 14 cm. =650 #4$$a Shalat Dhuha - Islam =850 ##$$a NBPNMAT =020 ##$$a 979-3858-19-2 =084 ##$$a 2x4.112.2 GHA s =250 ##$$a 2008 =990 ##$$a 21008208